000 00660nam a2200241Ia 4500
003 OSt
005 20220918183516.0
006 a|||||r|||| 00| 0
007 ta
008 220917b |||||||| |||| 00| 0 eng d
024 _a38,468
037 _cTextual
040 _aARTS
_cARTS
_beng
041 _2eng
_aeng
082 _aO15:9x2:1, F8
100 _aBhamahacarya
_962956
245 0 _aKavyalankara ed by Batuk Nath Sharma and Baldev Upadhyaya
260 _c1928
490 _aKasi sanskrit series 61 alanker section; 2
650 _aENGLISH LITERATURE
942 _hO15:9x2:1, F8
_cTEXL
_2CC
999 _c172864
_d172864